| 000 | 006310000a22002170004500 | ||
|---|---|---|---|
| 003 | LK-CoMWRAF | ||
| 005 | 20231022135802.0 | ||
| 008 | 230817t1999 ||||| |||| 00| 0 eng d | ||
| 020 | _a9555800421 | ||
| 040 |
_aLK-CoMWRAF _dLK-CoMWRAF _eLK-CoMWRAF |
||
| 041 | _aeng | ||
| 082 |
_a016.3054 _bANN |
||
| 245 | _aAn Annotated bibliography on violence against women in Sri Lanka | ||
| 260 |
_aColombo: _bICES, _c1999 |
||
| 300 |
_aviii, 109 p. _bIndex included |
||
| 650 | _aWOMEN-Violence-Bibliographies | ||
| 650 | _aDomestic violence | ||
| 700 |
_aHussein, Ameena _ecomp. |
||
| 700 |
_aLoganathan, Bhawani _ecomp. |
||
| 942 | _cBK | ||
| 999 |
_c3111 _d3111 |
||